Números del 1-50 en 30 segundos - Estadísticas

Estadísticas generales
  • Esta prueba ha sido intentada 1.439 veces
  • La puntuación promedio es 40 de 50
Estadísticas de respuestas
Número % Correcto
1
100%
2
99%
3
99%
4
99%
5
98%
6
97%
9
96%
7
95%
8
95%
10
92%
11
92%
12
91%
13
90%
14
89%
15
89%
16
89%
17
88%
18
88%
19
88%
21
86%
20
85%
22
85%
23
85%
25
84%
24
83%
26
83%
27
83%
28
82%
29
81%
31
79%
30
78%
32
77%
33
76%
34
76%
35
73%
36
71%
37
70%
38
69%
39
69%
40
66%
41
63%
42
60%
43
60%
44
59%
45
57%
46
52%
47
51%
48
48%
49
46%
50
46%
No se encontraron pruebas coincidentes
Distribución de puntuación
Porcentaje de gente con cada puntuación
Porcentaje por número respondido
Historial de tus puntuaciones
No has intentado esta prueba.